First-Level subdivisions of the Second Polish Republic - Statistics

General Stats
  • This quiz has been taken 213 times
  • The average score is 12 of 17
Answers on the Map
Answers color-coded by a green-red scale on the quiz's map according to % correct below.
 
Answer Stats
Answer % Correct
Stołeczne Warszawa
98%
Warszawa
98%
Lwów
91%
Poznań
87%
Kraków
85%
Łódź
85%
Białystok
81%
Lublin
81%
Śląskie
77%
Pomorskie
65%
Wilno
65%
Stanisławów
58%
Tarnopol
55%
Wołyń
54%
Kielce
52%
Polesie
40%
Nowogródek
27%
No matching quizzes found
Score Distribution
Percent of People with Each Score
Percentile by Number Answered
Your Score History
You have not taken this quiz